000 00797 am a2200265Ka 4500
001 200427714
003 TR-AnTOB
005 20260220154548.0
008 170119s2016 tu 000 0 tur u
020 _a9786055310936
040 _aTR-AnTOB
_beng
_cTR-AnTOB
_erda
041 0 _atur
050 _aQD181.B1
_bY85 2016
090 _aQD181.B1
_bY85 2016
100 1 _aYünlü, Kenan
_eauthor
_9152138
245 _aBor :
_bbirleşikleri sentez yöntemleri özellikleri uygulamaları /
_cKenan Yünlü.
264 1 _aAnkara :
_bUlusal Bor Araştırma Enstitüsü (BOREN),
_c2016.
300 _a820 pages ;
_c27 cm
336 _atext
_btxt
_2rdacontent
337 _aunmediated
_bn
_2rdamedia
338 _avolume
_bnc
_2rdacarrier
650 0 _aBoron
_981162
942 _2lcc
_cBK
999 _c200427714
_d45638